Central Library OPAC University of Rajshahi

Classical mechanics / (Record no. 8322)

MARC details
000 -LEADER
fixed length control field 00754pam a2200265 i 4500
001 - CONTROL NUMBER
control field 8322
003 - CONTROL NUMBER IDENTIFIER
rucl marc code BD-RjUL
005 - DATE AND TIME OF LATEST TRANSACTION
control field 20211208234550.0
008 - FIXED-LENGTH DATA ELEMENTS--GENERAL INFORMATION
fixed length control field 791011q20012000ii a b 001 0 eng
020 ## - INTERNATIONAL STANDARD BOOK NUMBER
International Standard Book Number 8185015538
035 ## - SYSTEM CONTROL NUMBER
System control number (BD-RjUL)8367
040 ## - CATALOGING SOURCE
Original cataloging agency DLC
Transcribing agency DLC
Modifying agency DLC
-- BD-RjUL
Language of cataloging eng
041 ## - LANGUAGE CODE
Language code of text/sound track or separate title eng
082 00 - DEWEY DECIMAL CLASSIFICATION NUMBER
Classification number 531
Author mark and year GOC 2001
100 1# - MAIN ENTRY--PERSONAL NAME
Personal name Goldstein, Herbert,
Dates associated with a name 1922-2005.
9 (RLIN) 25938
245 10 - TITLE STATEMENT
Title Classical mechanics /
Statement of responsibility, etc. Herbert Goldstein.
250 ## - EDITION STATEMENT
Edition statement 2d ed.
260 ## - PUBLICATION, DISTRIBUTION, ETC. (IMPRINT)
Place of publication, distribution, etc. New Delhi :
Name of publisher, distributor, etc. Narosa Publishing,
Date of publication, distribution, etc. c2000 [Reprinted 2001].
300 ## - PHYSICAL DESCRIPTION
Pagination xviii, 684 p. :
Illustrations ill. ;
Size 24 cm.
500 ## - GENERAL NOTE
General note Includes indexes.
504 ## - BIBLIOGRAPHY, ETC. NOTE
Bibliography, etc Bibliography: p. 621-630.
650 #0 - SUBJECT ADDED ENTRY--TOPICAL TERM
Topical term or geographic name as entry element Mechanics, Analytic.
9 (RLIN) 21040
942 ## - ADDED ENTRY ELEMENTS (KOHA)
Source of classification or shelving scheme Dewey Decimal Classification
Koha item type Books
Holdings
Lost status Source of classification or shelving scheme Damaged status Not for loan Collection code Permanent Location Current Location Shelving location Date acquired Source of acquisition Cost, normal purchase price Total Checkouts Full call number Date last seen Date checked out Copy number Koha item type
  Dewey Decimal Classification     Non-fiction Central Library, University of Rajshahi Central Library, University of Rajshahi   19/12/2005 Paragon, Dhaka 265.00 1 531 GOC 2001 11/12/2023 17/08/2022 C-3 Books
  Dewey Decimal Classification     Non-fiction Central Library, University of Rajshahi Central Library, University of Rajshahi   19/12/2005 Paragon Enterprise Lit., Dhaka 265.00 1 531 GOC 2001 28/08/2022 17/08/2022 C-2 Books
  Dewey Decimal Classification   Not For Loan Non-fiction Central Library, University of Rajshahi Central Library, University of Rajshahi Reading Room 09/11/1973       531 GOC 1986 13/05/2017   C-1 Books